Statistiques concernant Nationalité des meilleurs buteurs du championnat d'Europe de football (Euro)

Cliquez ici pour prendre le quiz!

Statistiques générales

  • Ce quiz a été pris 380 fois
  • Le résultat moyen est 13 sur 15

Statistiques - réponses

Meilleur buteurEuroPays d'origine% Correct
Antoine Griezmann2016France
97%
Gerd Müller1972Allemagne
96%
Fernando Torres2012Espagne
96%
Dieter Müller1976Allemagne
95%
David Villa2008Espagne
95%
Michel Platini1984France
95%
Marco van Basten1988Pays-Bas
95%
Patrick Kluivert2000Pays-Bas
93%
Alan Shearer1996Angleterre
89%
Klaus Allofs1980Allemagne
82%
Jesús María Pereda1964Espagne
80%
Henrik Larsen1992Danemark
78%
Dragan Džajić1968Yougoslavie
75%
Viktor Ponedelnik1960Union soviétique
67%
Milan Baroš2004République tchèque
66%

Distribution des résultats

Percentile par nombre de réponses

% des personnes avec chaque résultat

Votre développement - résultats

Vous n’avez pas pris ce quiz